[Event "Chessable Masters - Torneo preliminare"]
[White "Sychev, Klementy"]
[Black "Mamedov, Rauf"]
[WhiteFideId "4114060"]
[BlackFideId "13401653"]
[WhiteElo "2484"]
[BlackElo "2632"]
[Result "1-0"]
[Round "1"]
[TimeControl "600+2"]
[Date "2023.03.13"]
[WhiteClock "0:00:59"]
[BlackClock "0:02:40"]

1. d4 {[%clk 0:09:56]}  Nf6 {[%clk 0:09:58]} 2. c4 {[%clk 0:09:56]}  g6 {[%clk 0:09:59]} 3. Nc3 {[%clk 0:09:57]}  Bg7 {[%clk 0:10:00]} 4. e4 {[%clk 0:09:55]}  d6 {[%clk 0:10:01]} 5. Be2 {[%clk 0:09:50]}  O-O {[%clk 0:10:01]} 6. Be3 {[%clk 0:09:52]}  Nc6 {[%clk 0:10:02]} 7. d5 {[%clk 0:09:53]}  Ne5 {[%clk 0:10:03]} 8. Rc1 {[%clk 0:09:55]}  c6 {[%clk 0:09:52]} 9. Nf3 {[%clk 0:09:53]}  Nxf3+ {[%clk 0:09:31]} 10. Bxf3 {[%clk 0:09:53]}  Nd7 {[%clk 0:09:31]} 11. Be2 {[%clk 0:09:37]}  Nc5 {[%clk 0:09:16]} 12. Bd4 {[%clk 0:09:31]}  Bxd4 {[%clk 0:08:49]} 13. Qxd4 {[%clk 0:09:30]}  cxd5 {[%clk 0:08:51]} 14. exd5 {[%clk 0:07:30]}  Qb6 {[%clk 0:08:33]} 15. Qd2 {[%clk 0:06:28]}  Bf5 {[%clk 0:08:32]} 16. O-O {[%clk 0:06:18]}  a5 {[%clk 0:08:28]} 17. Rfe1 {[%clk 0:06:14]}  Rfe8 {[%clk 0:08:28]} 18. Bf1 {[%clk 0:05:40]}  a4 {[%clk 0:08:29]} 19. Nb5 {[%clk 0:05:31]}  Bd7 {[%clk 0:07:27]} 20. Nd4 {[%clk 0:04:23]}  Qa5 {[%clk 0:07:18]} 21. Qh6 {[%clk 0:04:05]}  Qb4 {[%clk 0:07:17]} 22. Re2 {[%clk 0:03:42]}  Nd3 {[%clk 0:06:40]} 23. Rc3 {[%clk 0:03:35]}  a3 {[%clk 0:03:43]} 24. Rxd3 {[%clk 0:03:14]}  axb2 {[%clk 0:03:44]} 25. Ne6 {[%clk 0:03:15]}  Bxe6 {[%clk 0:03:46]} 26. dxe6 {[%clk 0:03:15]}  b1=Q {[%clk 0:03:47]} 27. exf7+ {[%clk 0:02:45]}  Kh8 {[%clk 0:03:48]} 28. fxe8=Q+ {[%clk 0:02:26]}  Rxe8 {[%clk 0:03:49]} 29. Rh3 {[%clk 0:01:57]}  g5 {[%clk 0:03:46]} 30. Rb3 {[%clk 0:01:56]}  Q4xb3 {[%clk 0:02:39]} 31. axb3 {[%clk 0:01:58]}  Qf5 {[%clk 0:02:41]} 32. Qe6 {[%clk 0:01:43]}  Qxe6 {[%clk 0:02:36]} 33. Rxe6 {[%clk 0:01:45]}  Kg7 {[%clk 0:02:37]} 34. c5 {[%clk 0:01:44]}  dxc5 {[%clk 0:02:38]} 35. Bc4 {[%clk 0:01:40]}  Rd8 {[%clk 0:02:39]} 36. Rxe7+ {[%clk 0:01:38]}  Kf6 {[%clk 0:02:41]} 37. Rxb7 {[%clk 0:01:35]}  Rd1+ {[%clk 0:02:41]} 38. Bf1 {[%clk 0:01:37]}  h5 {[%clk 0:02:43]} 39. Rb6+ {[%clk 0:01:35]}  Ke5 {[%clk 0:02:45]} 40. b4 {[%clk 0:01:19]}  c4 {[%clk 0:02:45]} 41. Rc6 {[%clk 0:01:20]}  Rb1 {[%clk 0:02:41]} 42. Rxc4 {[%clk 0:01:20]}  h4 {[%clk 0:02:43]} 43. b5 {[%clk 0:01:14]}  Kf5 {[%clk 0:02:41]} 44. h3 {[%clk 0:01:10]}  Ke5 {[%clk 0:02:41]} 45. Rc6 {[%clk 0:01:05]}  Kf4 {[%clk 0:02:39]} 46. b6 {[%clk 0:00:58]}  Ke5 {[%clk 0:02:40]} 47. Rc5+ {[%clk 0:00:59]} 1-0


[Site "Internet"]

[Event "Chessable Masters - Torneo preliminare"]
[White "Kramnik, Vladimir"]
[Black "Sasikiran, Krishnan"]
[WhiteFideId "4101588"]
[BlackFideId "5004985"]
[WhiteElo "2756"]
[BlackElo "2559"]
[Result "1-0"]
[Round "1"]
[TimeControl "600+2"]
[Date "2023.03.13"]
[WhiteClock "0:01:32"]
[BlackClock "0:00:09"]

1. c4 {[%clk 0:09:58]}  e5 {[%clk 0:09:56]} 2. Nc3 {[%clk 0:09:57]}  Nf6 {[%clk 0:09:53]} 3. Nf3 {[%clk 0:09:57]}  Nc6 {[%clk 0:09:54]} 4. g3 {[%clk 0:09:58]}  d5 {[%clk 0:09:50]} 5. cxd5 {[%clk 0:09:58]}  Nxd5 {[%clk 0:09:50]} 6. Bg2 {[%clk 0:09:59]}  Nb6 {[%clk 0:09:51]} 7. O-O {[%clk 0:09:59]}  Be7 {[%clk 0:09:50]} 8. Rb1 {[%clk 0:10:00]}  a5 {[%clk 0:09:29]} 9. d3 {[%clk 0:10:00]}  O-O {[%clk 0:09:28]} 10. Be3 {[%clk 0:10:00]}  Be6 {[%clk 0:09:10]} 11. a3 {[%clk 0:10:00]}  Kh8 {[%clk 0:07:32]} 12. Nd2 {[%clk 0:09:23]}  f5 {[%clk 0:07:07]} 13. Rc1 {[%clk 0:08:40]}  Rb8 {[%clk 0:06:14]} 14. Nb5 {[%clk 0:08:18]}  Nd5 {[%clk 0:05:45]} 15. Bc5 {[%clk 0:08:15]}  Re8 {[%clk 0:05:24]} 16. e4 {[%clk 0:07:43]}  fxe4 {[%clk 0:04:29]} 17. Nxe4 {[%clk 0:07:22]}  Nf6 {[%clk 0:03:57]} 18. Bxe7 {[%clk 0:05:58]}  Qxe7 {[%clk 0:03:56]} 19. Nxf6 {[%clk 0:05:47]}  gxf6 {[%clk 0:03:58]} 20. f4 {[%clk 0:05:46]}  Bf7 {[%clk 0:02:35]} 21. fxe5 {[%clk 0:04:05]}  Qxe5 {[%clk 0:02:06]} 22. Qf3 {[%clk 0:04:03]}  Re6 {[%clk 0:00:45]} 23. Bh3 {[%clk 0:03:46]}  Nd4 {[%clk 0:00:42]} 24. Nxd4 {[%clk 0:03:45]}  Qxd4+ {[%clk 0:00:43]} 25. Qf2 {[%clk 0:03:45]}  Qxf2+ {[%clk 0:00:32]} 26. Rxf2 {[%clk 0:03:46]}  Rc6 {[%clk 0:00:34]} 27. Rxc6 {[%clk 0:03:43]}  bxc6 {[%clk 0:00:34]} 28. Rxf6 {[%clk 0:03:43]}  Bd5 {[%clk 0:00:35]} 29. Rf2 {[%clk 0:03:40]}  Kg7 {[%clk 0:00:36]} 30. Bf5 {[%clk 0:03:35]}  Re8 {[%clk 0:00:34]} 31. Kf1 {[%clk 0:03:35]}  h6 {[%clk 0:00:20]} 32. Rf4 {[%clk 0:03:30]}  Rb8 {[%clk 0:00:19]} 33. Rf2 {[%clk 0:03:20]}  a4 {[%clk 0:00:16]} 34. Ke1 {[%clk 0:03:09]}  c5 {[%clk 0:00:13]} 35. g4 {[%clk 0:03:04]}  c6 {[%clk 0:00:11]} 36. h4 {[%clk 0:03:00]}  c4 {[%clk 0:00:12]} 37. dxc4 {[%clk 0:02:54]}  Bxc4 {[%clk 0:00:13]} 38. Rf4 {[%clk 0:02:40]}  Bd5 {[%clk 0:00:13]} 39. Rb4 {[%clk 0:02:40]}  Re8+ {[%clk 0:00:10]} 40. Kd2 {[%clk 0:02:22]}  Ra8 {[%clk 0:00:11]} 41. Bc2 {[%clk 0:02:20]}  Rf8 {[%clk 0:00:12]} 42. Rxa4 {[%clk 0:01:57]}  Rf2+ {[%clk 0:00:13]} 43. Kc3 {[%clk 0:01:58]}  Rh2 {[%clk 0:00:14]} 44. g5 {[%clk 0:01:53]}  hxg5 {[%clk 0:00:12]} 45. hxg5 {[%clk 0:01:54]}  Rh3+ {[%clk 0:00:13]} 46. Kd4 {[%clk 0:01:45]}  Rh2 {[%clk 0:00:15]} 47. Ra7+ {[%clk 0:01:45]}  Kf8 {[%clk 0:00:14]} 48. Bf5 {[%clk 0:01:32]}  Rxb2 {[%clk 0:00:12]} 49. Ke5 {[%clk 0:01:33]}  Rb6 {[%clk 0:00:09]} 50. a4 {[%clk 0:01:32]} 1-0


[Site "Internet"]

[Event "Chessable Masters - Torneo preliminare"]
[White "Tari, Aryan"]
[Black "Andreikin, Dmitry"]
[WhiteFideId "1510045"]
[BlackFideId "4158814"]
[WhiteElo "2539"]
[BlackElo "2628"]
[Result "1/2-1/2"]
[Round "1"]
[TimeControl "600+2"]
[Date "2023.03.13"]
[WhiteClock "0:00:54"]
[BlackClock "0:01:11"]

1. e4 {[%clk 0:09:59]}  c5 {[%clk 0:09:55]} 2. Nf3 {[%clk 0:10:00]}  d6 {[%clk 0:09:50]} 3. Bb5+ {[%clk 0:10:00]}  Nd7 {[%clk 0:09:50]} 4. O-O {[%clk 0:09:58]}  a6 {[%clk 0:09:49]} 5. Bd3 {[%clk 0:09:59]}  Ngf6 {[%clk 0:09:42]} 6. Re1 {[%clk 0:09:50]}  e5 {[%clk 0:09:25]} 7. c3 {[%clk 0:09:37]}  g6 {[%clk 0:09:19]} 8. Bc2 {[%clk 0:09:26]}  Bg7 {[%clk 0:09:15]} 9. d4 {[%clk 0:09:27]}  O-O {[%clk 0:09:09]} 10. a4 {[%clk 0:08:59]}  cxd4 {[%clk 0:08:27]} 11. cxd4 {[%clk 0:09:00]}  exd4 {[%clk 0:08:29]} 12. Nxd4 {[%clk 0:09:01]}  d5 {[%clk 0:08:24]} 13. e5 {[%clk 0:08:08]}  Ne4 {[%clk 0:08:23]} 14. f3 {[%clk 0:07:26]}  Nxe5 {[%clk 0:07:16]} 15. fxe4 {[%clk 0:07:18]}  Qb6 {[%clk 0:06:56]} 16. a5 {[%clk 0:06:30]}  Qc5 {[%clk 0:06:28]} 17. Be3 {[%clk 0:05:15]}  Ng4 {[%clk 0:06:26]} 18. Nb3 {[%clk 0:05:16]}  Qc7 {[%clk 0:04:56]} 19. g3 {[%clk 0:05:14]}  Nxe3 {[%clk 0:04:22]} 20. Rxe3 {[%clk 0:05:15]}  Be6 {[%clk 0:04:19]} 21. exd5 {[%clk 0:04:09]}  Bxd5 {[%clk 0:04:16]} 22. Qxd5 {[%clk 0:03:46]}  Qxc2 {[%clk 0:04:15]} 23. Qd2 {[%clk 0:03:38]}  Rac8 {[%clk 0:03:43]} 24. Qxc2 {[%clk 0:02:58]}  Rxc2 {[%clk 0:03:45]} 25. Na3 {[%clk 0:03:00]}  Rxb2 {[%clk 0:03:44]} 26. Rae1 {[%clk 0:02:46]}  Rc8 {[%clk 0:03:29]} 27. Re8+ {[%clk 0:02:08]}  Rxe8 {[%clk 0:03:29]} 28. Rxe8+ {[%clk 0:02:10]}  Bf8 {[%clk 0:03:31]} 29. Nd4 {[%clk 0:02:11]}  Kg7 {[%clk 0:03:25]} 30. Nac2 {[%clk 0:02:12]}  Bc5 {[%clk 0:03:19]} 31. Kh1 {[%clk 0:01:57]}  b6 {[%clk 0:02:25]} 32. axb6 {[%clk 0:01:54]}  Bxb6 {[%clk 0:02:26]} 33. Rc8 {[%clk 0:01:27]}  a5 {[%clk 0:02:24]} 34. Rc4 {[%clk 0:01:28]}  h5 {[%clk 0:02:02]} 35. Nc6 {[%clk 0:01:06]}  a4 {[%clk 0:01:48]} 36. Na3 {[%clk 0:00:59]}  Ra2 {[%clk 0:01:38]} 37. Nc2 {[%clk 0:00:52]}  Rb2 {[%clk 0:01:35]} 38. Na3 {[%clk 0:00:53]}  Ra2 {[%clk 0:01:16]} 39. Nc2 {[%clk 0:00:54]}  Rb2 {[%clk 0:01:11]} 1/2-1/2


[Site "Internet"]

[Event "Chessable Masters - Torneo preliminare"]
[White "Vachier-Lagrave, Maxime"]
[Black "Mitrabha, Guha"]
[WhiteFideId "623539"]
[BlackFideId "5057000"]
[WhiteElo "2762"]
[BlackElo "2401"]
[Result "1/2-1/2"]
[Round "1"]
[TimeControl "600+2"]
[Date "2023.03.13"]
[WhiteClock "0:00:22"]
[BlackClock "0:00:28"]

1. e4 {[%clk 0:09:58]}  c6 {[%clk 0:09:42]} 2. d4 {[%clk 0:09:57]}  d5 {[%clk 0:09:42]} 3. e5 {[%clk 0:09:58]}  Bf5 {[%clk 0:09:41]} 4. Nf3 {[%clk 0:09:58]}  e6 {[%clk 0:09:42]} 5. Be2 {[%clk 0:09:59]}  Nd7 {[%clk 0:09:42]} 6. O-O {[%clk 0:09:56]}  a5 {[%clk 0:09:40]} 7. Nbd2 {[%clk 0:09:44]}  a4 {[%clk 0:09:38]} 8. c3 {[%clk 0:09:25]}  f6 {[%clk 0:09:32]} 9. exf6 {[%clk 0:09:19]}  Qxf6 {[%clk 0:09:28]} 10. Re1 {[%clk 0:09:18]}  Bd6 {[%clk 0:09:28]} 11. Nf1 {[%clk 0:09:19]}  Ne7 {[%clk 0:09:29]} 12. Bg5 {[%clk 0:08:33]}  Qf7 {[%clk 0:09:25]} 13. Bh4 {[%clk 0:07:38]}  Ng6 {[%clk 0:09:00]} 14. Ng5 {[%clk 0:07:14]}  Qf6 {[%clk 0:08:42]} 15. Ne4 {[%clk 0:06:22]}  Qf8 {[%clk 0:08:19]} 16. Nxd6+ {[%clk 0:06:20]}  Qxd6 {[%clk 0:08:21]} 17. Bg3 {[%clk 0:06:08]}  Qe7 {[%clk 0:08:20]} 18. Bg4 {[%clk 0:04:54]}  O-O {[%clk 0:08:14]} 19. Bxf5 {[%clk 0:04:56]}  Rxf5 {[%clk 0:08:15]} 20. Qc2 {[%clk 0:04:55]}  Qf7 {[%clk 0:07:56]} 21. Re2 {[%clk 0:04:31]}  e5 {[%clk 0:07:37]} 22. dxe5 {[%clk 0:04:28]}  Ngxe5 {[%clk 0:07:36]} 23. Rae1 {[%clk 0:04:29]}  Ng6 {[%clk 0:07:35]} 24. Ne3 {[%clk 0:04:19]}  Rg5 {[%clk 0:07:05]} 25. f4 {[%clk 0:04:14]}  Rh5 {[%clk 0:06:52]} 26. Ng4 {[%clk 0:03:38]}  Qf5 {[%clk 0:05:58]} 27. Qxf5 {[%clk 0:03:25]}  Rxf5 {[%clk 0:06:00]} 28. Ne3 {[%clk 0:03:25]}  Rf7 {[%clk 0:05:58]} 29. f5 {[%clk 0:03:17]}  Ne7 {[%clk 0:05:57]} 30. Bd6 {[%clk 0:03:18]}  Rd8 {[%clk 0:04:20]} 31. Ng4 {[%clk 0:02:35]}  Nxf5 {[%clk 0:04:06]} 32. Re8+ {[%clk 0:02:35]}  Rxe8 {[%clk 0:04:08]} 33. Rxe8+ {[%clk 0:02:37]}  Nf8 {[%clk 0:04:09]} 34. Bb4 {[%clk 0:02:12]}  b6 {[%clk 0:03:55]} 35. Ne5 {[%clk 0:02:12]}  c5 {[%clk 0:03:56]} 36. Bxc5 {[%clk 0:01:43]}  bxc5 {[%clk 0:03:55]} 37. Nxf7 {[%clk 0:01:44]}  Kxf7 {[%clk 0:03:56]} 38. Ra8 {[%clk 0:01:46]}  Ne3 {[%clk 0:03:34]} 39. Rxa4 {[%clk 0:01:43]}  Nd7 {[%clk 0:03:33]} 40. Ra7 {[%clk 0:01:17]}  Ke6 {[%clk 0:03:34]} 41. a4 {[%clk 0:01:19]}  Kd6 {[%clk 0:03:03]} 42. a5 {[%clk 0:01:12]}  Kc6 {[%clk 0:03:04]} 43. a6 {[%clk 0:01:13]}  Nc4 {[%clk 0:02:53]} 44. b3 {[%clk 0:00:57]}  Ncb6 {[%clk 0:01:55]} 45. Kf2 {[%clk 0:00:55]}  Kb5 {[%clk 0:01:52]} 46. Ke3 {[%clk 0:00:53]}  g5 {[%clk 0:01:53]} 47. g4 {[%clk 0:00:42]}  h6 {[%clk 0:01:53]} 48. h3 {[%clk 0:00:43]}  Ka5 {[%clk 0:01:38]} 49. Kd3 {[%clk 0:00:32]}  Kb5 {[%clk 0:01:27]} 50. Ke2 {[%clk 0:00:21]}  Ka5 {[%clk 0:01:27]} 51. Ke3 {[%clk 0:00:17]}  Kb5 {[%clk 0:01:26]} 52. Kd3 {[%clk 0:00:18]}  Ka5 {[%clk 0:01:12]} 53. c4 {[%clk 0:00:19]}  Ne5+ {[%clk 0:01:02]} 54. Kc2 {[%clk 0:00:15]}  Nc6 {[%clk 0:01:01]} 55. Rh7 {[%clk 0:00:13]}  Nb4+ {[%clk 0:00:47]} 56. Kd2 {[%clk 0:00:13]}  Nxa6 {[%clk 0:00:25]} 57. cxd5 {[%clk 0:00:13]}  Nxd5 {[%clk 0:00:27]} 58. Rxh6 {[%clk 0:00:14]}  Nf4 {[%clk 0:00:24]} 59. Ke3 {[%clk 0:00:12]}  Nb4 {[%clk 0:00:23]} 60. h4 {[%clk 0:00:13]}  Nbd5+ {[%clk 0:00:21]} 61. Ke4 {[%clk 0:00:14]}  gxh4 {[%clk 0:00:22]} 62. Rxh4 {[%clk 0:00:15]}  Kb4 {[%clk 0:00:24]} 63. g5 {[%clk 0:00:16]}  Ng6 {[%clk 0:00:17]} 64. Rh6 {[%clk 0:00:14]}  Ndf4 {[%clk 0:00:15]} 65. Kf5 {[%clk 0:00:12]}  Kxb3 {[%clk 0:00:15]} 66. Rxg6 {[%clk 0:00:13]}  Nxg6 {[%clk 0:00:17]} 67. Kxg6 {[%clk 0:00:15]}  c4 {[%clk 0:00:19]} 68. Kf6 {[%clk 0:00:16]}  c3 {[%clk 0:00:20]} 69. g6 {[%clk 0:00:18]}  c2 {[%clk 0:00:22]} 70. g7 {[%clk 0:00:19]}  c1=Q {[%clk 0:00:24]} 71. g8=Q+ {[%clk 0:00:21]}  Qc4 {[%clk 0:00:26]} 72. Qxc4+ {[%clk 0:00:22]}  Kxc4 {[%clk 0:00:28]} 1/2-1/2


[Site "Internet"]

[Event "Chessable Masters - Torneo preliminare"]
[White "Makarian, Rudik"]
[Black "Aronian, Levon"]
[WhiteFideId "44105681"]
[BlackFideId "13300474"]
[WhiteElo "2462"]
[BlackElo "2720"]
[Result "1/2-1/2"]
[Round "1"]
[TimeControl "600+2"]
[Date "2023.03.13"]
[WhiteClock "0:04:07"]
[BlackClock "0:06:19"]

1. d4 {[%clk 0:09:56]}  Nf6 {[%clk 0:09:59]} 2. c4 {[%clk 0:09:58]}  c5 {[%clk 0:09:59]} 3. d5 {[%clk 0:09:57]}  e5 {[%clk 0:10:00]} 4. Nc3 {[%clk 0:09:56]}  d6 {[%clk 0:10:01]} 5. e4 {[%clk 0:09:56]}  Nbd7 {[%clk 0:10:02]} 6. Be2 {[%clk 0:09:50]}  Be7 {[%clk 0:10:02]} 7. h4 {[%clk 0:09:44]}  h5 {[%clk 0:09:52]} 8. Nh3 {[%clk 0:09:41]}  g6 {[%clk 0:09:50]} 9. g3 {[%clk 0:09:39]}  a6 {[%clk 0:09:46]} 10. a4 {[%clk 0:09:35]}  b6 {[%clk 0:09:47]} 11. Ng5 {[%clk 0:09:33]}  O-O {[%clk 0:09:46]} 12. g4 {[%clk 0:08:21]}  Nxg4 {[%clk 0:09:40]} 13. Bxg4 {[%clk 0:08:21]}  hxg4 {[%clk 0:09:41]} 14. Qxg4 {[%clk 0:07:39]}  Nf6 {[%clk 0:09:41]} 15. Qg2 {[%clk 0:07:39]}  Nh5 {[%clk 0:09:42]} 16. Ne6 {[%clk 0:06:05]}  fxe6 {[%clk 0:09:12]} 17. Qxg6+ {[%clk 0:06:06]}  Ng7 {[%clk 0:09:13]} 18. Rg1 {[%clk 0:06:03]}  Bf6 {[%clk 0:09:11]} 19. h5 {[%clk 0:06:04]}  Kh8 {[%clk 0:07:36]} 20. Qh6+ {[%clk 0:06:03]}  Kg8 {[%clk 0:07:37]} 21. Qg6 {[%clk 0:06:05]}  Kh8 {[%clk 0:06:20]} 22. Qh6+ {[%clk 0:04:05]}  Kg8 {[%clk 0:06:19]} 23. Qg6 {[%clk 0:04:07]} 1/2-1/2


[Site "Internet"]

[Event "Chessable Masters - Torneo preliminare"]
[White "Firouzja, Alireza"]
[Black "Perez Ponsa, Federico"]
[WhiteFideId "12573981"]
[BlackFideId "117927"]
[WhiteElo "2745"]
[BlackElo "2586"]
[Result "1-0"]
[Round "1"]
[TimeControl "600+2"]
[Date "2023.03.13"]
[WhiteClock "0:02:24"]
[BlackClock "0:00:07"]

1. d4 {[%clk 0:09:59]}  Nf6 {[%clk 0:09:15]} 2. c4 {[%clk 0:09:58]}  g6 {[%clk 0:09:16]} 3. Nc3 {[%clk 0:09:46]}  Bg7 {[%clk 0:09:11]} 4. e4 {[%clk 0:09:47]}  d6 {[%clk 0:09:12]} 5. h3 {[%clk 0:09:28]}  e5 {[%clk 0:09:10]} 6. d5 {[%clk 0:09:21]}  a5 {[%clk 0:09:10]} 7. Bd3 {[%clk 0:08:55]}  Na6 {[%clk 0:09:08]} 8. Nge2 {[%clk 0:08:56]}  h5 {[%clk 0:08:52]} 9. O-O {[%clk 0:08:51]}  Bh6 {[%clk 0:08:48]} 10. Bxh6 {[%clk 0:08:49]}  Rxh6 {[%clk 0:08:48]} 11. Qd2 {[%clk 0:08:48]}  Rh8 {[%clk 0:08:47]} 12. f4 {[%clk 0:08:49]}  Nd7 {[%clk 0:08:29]} 13. f5 {[%clk 0:08:20]}  Ndc5 {[%clk 0:06:47]} 14. fxg6 {[%clk 0:08:20]}  fxg6 {[%clk 0:06:48]} 15. Rf3 {[%clk 0:08:20]}  Bd7 {[%clk 0:06:36]} 16. Raf1 {[%clk 0:08:19]}  Qh4 {[%clk 0:06:31]} 17. Nb5 {[%clk 0:07:15]}  Nxd3 {[%clk 0:05:05]} 18. Qxd3 {[%clk 0:05:41]}  Nc5 {[%clk 0:04:26]} 19. Qe3 {[%clk 0:05:39]}  O-O-O {[%clk 0:03:33]} 20. Nec3 {[%clk 0:05:28]}  g5 {[%clk 0:03:30]} 21. Rf6 {[%clk 0:05:20]}  b6 {[%clk 0:02:59]} 22. R1f2 {[%clk 0:04:58]}  Rhg8 {[%clk 0:02:43]} 23. Kh1 {[%clk 0:04:28]}  g4 {[%clk 0:02:19]} 24. g3 {[%clk 0:04:29]}  Qg5 {[%clk 0:02:21]} 25. Qxg5 {[%clk 0:04:26]}  Rxg5 {[%clk 0:02:23]} 26. h4 {[%clk 0:04:27]}  Rg7 {[%clk 0:02:24]} 27. Rf7 {[%clk 0:04:15]}  Rdg8 {[%clk 0:02:01]} 28. Kg2 {[%clk 0:04:02]}  Nd3 {[%clk 0:01:49]} 29. Rxg7 {[%clk 0:04:03]}  Rxg7 {[%clk 0:01:50]} 30. Rf8+ {[%clk 0:04:04]}  Kb7 {[%clk 0:01:52]} 31. b3 {[%clk 0:04:01]}  Rh7 {[%clk 0:01:40]} 32. Kf1 {[%clk 0:04:00]}  Nc5 {[%clk 0:01:31]} 33. Na3 {[%clk 0:03:48]}  Bc8 {[%clk 0:01:16]} 34. Ke2 {[%clk 0:03:41]}  Nd7 {[%clk 0:01:03]} 35. Rf5 {[%clk 0:03:41]}  Nc5 {[%clk 0:01:01]} 36. Rf1 {[%clk 0:03:41]}  Bd7 {[%clk 0:00:55]} 37. Rf8 {[%clk 0:03:36]}  Re7 {[%clk 0:00:51]} 38. Nc2 {[%clk 0:03:20]}  Be8 {[%clk 0:00:44]} 39. Rg8 {[%clk 0:03:21]}  Bd7 {[%clk 0:00:36]} 40. Rh8 {[%clk 0:03:16]}  Rf7 {[%clk 0:00:36]} 41. Ne1 {[%clk 0:03:17]}  Ka6 {[%clk 0:00:17]} 42. Rxh5 {[%clk 0:02:50]}  b5 {[%clk 0:00:15]} 43. cxb5+ {[%clk 0:02:46]}  Bxb5+ {[%clk 0:00:16]} 44. Nxb5 {[%clk 0:02:48]}  Kxb5 {[%clk 0:00:18]} 45. Rf5 {[%clk 0:02:50]}  Rg7 {[%clk 0:00:09]} 46. Ke3 {[%clk 0:02:48]}  Kb4 {[%clk 0:00:07]} 47. Nd3+ {[%clk 0:02:24]} 1-0


[Site "Internet"]

[Event "Chessable Masters - Torneo preliminare"]
[White "Ju, Wenjun"]
[Black "Lazavik, Denis"]
[WhiteFideId "8603006"]
[BlackFideId "13515110"]
[WhiteElo "2598"]
[BlackElo "2488"]
[Result "0-1"]
[Round "1"]
[TimeControl "600+2"]
[Date "2023.03.13"]
[WhiteClock "0:00:11"]
[BlackClock "0:00:13"]

1. d4 {[%clk 0:09:56]}  Nf6 {[%clk 0:09:58]} 2. c4 {[%clk 0:09:55]}  e6 {[%clk 0:09:59]} 3. Nf3 {[%clk 0:09:56]}  d5 {[%clk 0:09:58]} 4. g3 {[%clk 0:09:56]}  Bb4+ {[%clk 0:09:55]} 5. Bd2 {[%clk 0:09:56]}  a5 {[%clk 0:09:55]} 6. Bg2 {[%clk 0:09:56]}  O-O {[%clk 0:09:56]} 7. Qc2 {[%clk 0:09:54]}  c5 {[%clk 0:09:56]} 8. dxc5 {[%clk 0:09:43]}  d4 {[%clk 0:09:53]} 9. Bxb4 {[%clk 0:09:25]}  axb4 {[%clk 0:09:55]} 10. Nbd2 {[%clk 0:09:25]}  Nc6 {[%clk 0:08:47]} 11. O-O {[%clk 0:09:14]}  Qe7 {[%clk 0:08:37]} 12. Nb3 {[%clk 0:09:04]}  e5 {[%clk 0:08:33]} 13. Nfd2 {[%clk 0:08:33]}  h5 {[%clk 0:07:22]} 14. e3 {[%clk 0:07:38]}  dxe3 {[%clk 0:06:57]} 15. fxe3 {[%clk 0:07:40]}  h4 {[%clk 0:06:34]} 16. Ne4 {[%clk 0:07:18]}  Nxe4 {[%clk 0:06:05]} 17. Bxe4 {[%clk 0:06:36]}  Qg5 {[%clk 0:05:58]} 18. Qf2 {[%clk 0:06:34]}  Bh3 {[%clk 0:05:30]} 19. Bg2 {[%clk 0:05:54]}  Bxg2 {[%clk 0:05:10]} 20. gxh4 {[%clk 0:05:07]}  Qg4 {[%clk 0:04:52]} 21. Qxg2 {[%clk 0:05:06]}  Qxh4 {[%clk 0:04:54]} 22. Nd2 {[%clk 0:05:05]}  f5 {[%clk 0:04:17]} 23. Rf3 {[%clk 0:03:24]}  e4 {[%clk 0:04:04]} 24. Rh3 {[%clk 0:03:24]}  Qe7 {[%clk 0:03:41]} 25. Qg6 {[%clk 0:03:11]}  Rf6 {[%clk 0:03:38]} 26. Qh7+ {[%clk 0:03:09]}  Kf7 {[%clk 0:03:40]} 27. Rg3 {[%clk 0:03:04]}  Rg8 {[%clk 0:03:26]} 28. Rf1 {[%clk 0:02:58]}  Qe6 {[%clk 0:02:46]} 29. Rg5 {[%clk 0:02:22]}  Ne7 {[%clk 0:02:39]} 30. Qh5+ {[%clk 0:02:09]}  g6 {[%clk 0:02:34]} 31. Qh4 {[%clk 0:02:00]}  Ke8 {[%clk 0:02:06]} 32. Rf2 {[%clk 0:01:43]}  Nc6 {[%clk 0:01:24]} 33. Qf4 {[%clk 0:00:58]}  Rgf8 {[%clk 0:01:22]} 34. h3 {[%clk 0:00:37]}  Kd7 {[%clk 0:01:10]} 35. Qg3 {[%clk 0:00:28]}  Kc8 {[%clk 0:01:07]} 36. Qd6 {[%clk 0:00:21]}  Qe8 {[%clk 0:00:42]} 37. Qg3 {[%clk 0:00:20]}  Qe6 {[%clk 0:00:38]} 38. b3 {[%clk 0:00:19]}  Rd8 {[%clk 0:00:32]} 39. h4 {[%clk 0:00:16]}  Rd3 {[%clk 0:00:25]} 40. h5 {[%clk 0:00:16]}  gxh5 {[%clk 0:00:26]} 41. Rg8+ {[%clk 0:00:15]}  Rd8 {[%clk 0:00:24]} 42. Rg5 {[%clk 0:00:12]}  Ne7 {[%clk 0:00:16]} 43. Nf1 {[%clk 0:00:11]}  Rg8 {[%clk 0:00:10]} 44. Rxg8+ {[%clk 0:00:11]}  Nxg8 {[%clk 0:00:12]} 45. Kh1 {[%clk 0:00:12]}  Ne7 {[%clk 0:00:12]} 46. Qh3 {[%clk 0:00:12]}  Qe5 {[%clk 0:00:09]} 47. Ng3 {[%clk 0:00:13]}  Kc7 {[%clk 0:00:10]} 48. Kg2 {[%clk 0:00:08]}  Rg6 {[%clk 0:00:11]} 49. Kh2 {[%clk 0:00:07]}  Rg4 {[%clk 0:00:10]} 50. Rf4 {[%clk 0:00:07]}  Rxf4 {[%clk 0:00:10]} 51. exf4 {[%clk 0:00:09]}  Qxf4 {[%clk 0:00:12]} 52. Qxh5 {[%clk 0:00:10]}  Kd7 {[%clk 0:00:08]} 53. Kh3 {[%clk 0:00:09]}  e3 {[%clk 0:00:08]} 54. Qe2 {[%clk 0:00:09]}  Qe5 {[%clk 0:00:09]} 55. Qd3+ {[%clk 0:00:10]}  Ke8 {[%clk 0:00:10]} 56. Qd6 {[%clk 0:00:10]}  Nc6 {[%clk 0:00:07]} 57. Qg6+ {[%clk 0:00:10]}  Kd7 {[%clk 0:00:08]} 58. Nxf5 {[%clk 0:00:09]}  e2 {[%clk 0:00:08]} 59. Qf7+ {[%clk 0:00:08]}  Ne7 {[%clk 0:00:09]} 60. Nxe7 {[%clk 0:00:09]}  Qxe7 {[%clk 0:00:10]} 61. Qd5+ {[%clk 0:00:09]}  Kc7 {[%clk 0:00:11]} 62. c6 {[%clk 0:00:07]}  e1=Q {[%clk 0:00:10]} 63. Qa5+ {[%clk 0:00:08]}  Kxc6 {[%clk 0:00:11]} 64. Qb5+ {[%clk 0:00:09]}  Kc7 {[%clk 0:00:12]} 65. Qa5+ {[%clk 0:00:11]}  Kb8 {[%clk 0:00:13]} 0-1


[Site "Internet"]